Indikátory sektora domácností v systéme národných účtov ESA '95
Základnými subjektami ekonomického prostredia sú inštitucionálne jednotky, ktoré majú právnu subjektivitu a vedú uzavreté účtovníctvo. Inštitucionálne jednotky sa zoskupujú do sektorov národnej ekonomiky. Existuje 5 sektorov národnej ekonomiky (nefinančné korporácie, finančné korporácie, štátna sprá...
Guardado en:
| Autor principal: | |
|---|---|
| Otros Autores: | , |
| Formato: | Capítulo de libro |
| Lenguaje: | eslovaco |
| Materias: | |
| Etiquetas: |
Sin Etiquetas, Sea el primero en etiquetar este registro!
|
MARC
| LEADER | 00000nla$a2200000$$$4500 | ||
|---|---|---|---|
| 001 | 0072805 | ||
| 005 | 20240502071848.9 | ||
| 041 | 0 | |a slo | |
| 044 | |a SK | ||
| 245 | 1 | 0 | |a Indikátory sektora domácností v systéme národných účtov ESA '95 |c Zuzana Jakubcová, Peter Bučo, Ľubica Hurbánková |
| 520 | |a Základnými subjektami ekonomického prostredia sú inštitucionálne jednotky, ktoré majú právnu subjektivitu a vedú uzavreté účtovníctvo. Inštitucionálne jednotky sa zoskupujú do sektorov národnej ekonomiky. Existuje 5 sektorov národnej ekonomiky (nefinančné korporácie, finančné korporácie, štátna správa, domácnosti, neziskové inštitúcie slúžiace domácnostiam). Sektor domácností, architektúra účtov sektora domácností. Analýza tvorby a štruktúry hrubého disponibilného dôchodku. Relatívne ukazovatele spotreby sektora domácností. Porovnanie konečnej spotreby a hrubých úspor domácností. | ||
| 610 | 2 | 0 | |a účty národné |
| 610 | 2 | 0 | |a systém |
| 610 | 2 | 0 | |a domácnosti |
| 610 | 2 | 0 | |a úroveň životná |
| 610 | 2 | 0 | |a spotreba domácností |
| 610 | 2 | 0 | |a úspory |
| 610 | 2 | 0 | |a účty |
| 610 | 2 | 0 | |a dôchodok hrubý |
| 610 | 2 | 0 | |a Slovensko |
| 100 | 1 | |a Jakubcová, Zuzana | |
| 700 | 1 | |a Bučo, Peter | |
| 700 | 1 | |a Hurbánková, Ľubica, 1980- | |